00300nam a2200097Ia 45000010005000000080041000050820017000461000047000632450068001102600024001784119241024s9999 xx 000 0 und d aRD/324/C748p aConferenica del Episcopado Dominicano, CED 0aPróxima elecciones y otras urgencias. Mensaje 27 febrero 2016 bSanto Domingoc2016